| 000 | 00396cam a22001337a 4500 | ||
|---|---|---|---|
| 008 | 180718b1971 xxu||||| |||| 00| 0 eng d | ||
| 082 | _aO97x54 H384 | ||
| 100 | _aHendre, Sudhit Laxman | ||
| 245 |
_aHindus and family planning: a socio-political demography _cby Sudhir Laxman Hendre |
||
| 260 |
_aBombay _bSupreja _c1971 |
||
| 300 | _a160p. | ||
| 650 | _aHinduism | ||
| 650 | _aBirth Control - India | ||
| 999 |
_c346017 _d346017 |
||